| 000 | 01027nam a2200265 a 4500 | ||
|---|---|---|---|
| 999 |
_c389474 _d389474 |
||
| 003 | BLK | ||
| 005 | 20250703142605.0 | ||
| 008 | 200219b bu ||||| |||| 00| 0 bu d | ||
| 020 | _a9786191573431 | ||
| 040 | _aBLK | ||
| 041 |
_aBUL _cBUL |
||
| 080 |
_aАмериканска литература (на САЩ) _b821.111(73) _x-31 _z821.111(73)-31 |
||
| 100 |
_9241653 _aДеверо, Джуд _eпърви автор |
||
| 139 |
_aДеверо, Джуд _bД 32 |
||
| 245 |
_aРицар в блестящи доспехи _cДжуд Деверо; прев. от англ. Диана Кутева. |
||
| 260 |
_9213219 _aСофия _bИбис _c2020 _fСофия : Симолини |
||
| 300 |
_a439 с. _c21 см |
||
| 380 | _aX | ||
| 490 |
_aЗлатни исторически любовни романи _xC634-0245 |
||
| 700 | 1 |
_aКутева, Диана Янакиева _d1955 - _985939 |
|
| 942 |
_cKNG _n0 _s1 _052 |
||
| 944 |
_aCR _c2020-09-30 _k30576 _lЦветомила Тодорова |
||
| 999 | _d389474 | ||
| 999 | _d348559 | ||